Módulos fotovoltaicos para la generación de energía eléctrica

Պահպանված է:
Մատենագիտական մանրամասներ
Հիմնական հեղինակ: Dyes Hidalgo, Henning
Ձևաչափ: Գիրք
Հրապարակվել է: [San José, Costa Rica] 2009
Խորագրեր:
Ցուցիչներ: Ավելացրեք ցուցիչ
Չկան պիտակներ, Եղեք առաջինը, ով նշում է այս գրառումը!

MARC

LEADER 00000nam a2200000Ia 4500
003 001466
005 20221231144045.0
008 140114s2009 cr a 000 ||s d
040 |c cru CEDI 
090 |a TFG 5985 
100 |a Dyes Hidalgo, Henning   |9 3531 
245 |a Módulos fotovoltaicos para la generación de energía eléctrica 
260 |c 2009  |b [San José, Costa Rica] 
300 |a xi, 103, [22] hojas; ilustraciones (algunas a color) 
500 |a Proyecto de graduación (bachillerato ingeniería eléctrica)--Universidad de Costa Rica. Facultad de Ingeniería. Escuela de Ingeniería Eléctrica 
650 |x ENERGIA SOLAR   |x  SISTEMAS DE ENERGIA FOTOVOLTAICA   |x SISTEMAS DE ENERGIA ELECTRICA   |9 2843 
942 |c TFG 
999 |c 16243  |d 16243